Actors / Actresses by their Characters #9 - Statistics

General Stats
  • This quiz has been taken 77 times
  • The average score is 4 of 10
Answer Stats
Hint Answer % Correct
Arthur Fleck / Joker, Commodus, Jack Daglish, Theodore Twombly Joaquin Phoenix
77%
Alejandro Murrieta/Zorro, Gregorio "Greg" Cortez, El Mariachi, Miguel Alvarez Antonio Banderas
71%
Emily Charlton, Rita Vrataski, Rachel Watson, Mary Poppins Emily Blunt
68%
Morticia Addams, Eileen Rand, Etheline Tenenbaum, Miss Gwyneth Harridan Anjelica Huston
56%
Dr. Peter Venkman, Phil Connors, John Bosley, M. Ivan Bill Murray
50%
Jim Halpert, Jack Ryan, Lee Abbott, Sir Lancelot John Krasinski
42%
Max Zorin, Max Shreck, The Hessian, Corporal Nikanor Chevotarevich Christopher Walken
27%
Vanessa Kensington, The Devil, Sabrina Ritchie, Sandra Stahl Elizabeth Hurley
27%
Joyce Heath, Julie Marsden, Marie Van Schuyler, Laura Madison Bette Davis
6%
Nyah Nordoff-Hall, Christine Thayer, Maeve Millay, Libby Odell Thandiwe Newton
6%
No matching quizzes found
Score Distribution
Percent of People with Each Score
Percentile by Number Answered
Your Score History
You have not taken this quiz